000 01230cam a2200205 4500
001 L130889
008 050912n2005 000 0 eng u
035 _a(Sirsi) u130889
041 0 _aeng
110 _aScottish Executive
_93811
245 _aBusiness development and the planning system
260 _aEdinburgh
_bScottish Executive
_c2005
520 _aExamines the criticism of the performance of the planning system in Scotland in dealing with major planning applications and the impact of the planning system on business. The study undertaken between December 2004 and April 2005 presents evidence about the nature, type and extent of the problems and makes recommendations to address them. The most critical recommendations relate to the provision of infrastructure and the streamlining of Town and Country Planning (Scotland) Act 1997 s75 agreements.
590 _aIKA130905
650 _aTOWN AND COUNTRY PLANNING (SCOTLAND) ACT 1997 S75
690 _aENVIRONMENTAL AND LAND CONSULTANCY-PLANNING AND DEVELOPMENT-PLANNING REFORM
710 _aTribal HCH
_94762
856 _uhttps://www.scotland.gov.uk/Publications/2005/08/23181826/18268
_zView the research free of charge at www.scotland.gov.uk...
942 _n0
999 _c104595
_d104595